Sobre el Archivo de Salamanca : algunas precisiones y reflexiones / Joan B. Culla, Borja de Riquer algunas precisiones y reflexiones / Joan B. Culla, Borja de Riquer
Descripción Física:
P. [279]-293 ; 21 cm
Otros Autores:
Riquer i Permanyer, Borja de, 1945-
MARC
| LEADER | 00000nam a2200000Ia 4500 | ||
|---|---|---|---|
| 001 | 15182 | ||
| 008 | 160829s2002 xx 000 0 cat d | ||
| 080 | |a FU-35-22 | ||
| 100 | |a Culla i Clarà, Joan B. |9 27522 | ||
| 245 | |a Sobre el Archivo de Salamanca : |b algunas precisiones y reflexiones / Joan B. Culla, Borja de Riquer | ||
| 260 | |a [Madrid : |b Marcial Pons], |c 2002 | ||
| 300 | |a P. [279]-293 ; |c 21 cm | ||
| 590 | |a Separata de: Ayer : revista de historia contemporánea. 47 (2002). | ||
| 590 | |a Referències bibliogràfiques. | ||
| 590 | |a Precedeix el títol: Los exilios en la España contemporánea | ||
| 610 | 2 | 0 | |a Archivo Histórico Nacional (Espanya). |b Sección Guerra Civil |9 55765 |
| 650 | |a Espanya |x Política i govern |x 1975/ |9 20506 | ||
| 650 | |a Catalunya |x Reclamacions contra Espanya |9 20507 | ||
| 700 | |a Riquer i Permanyer, Borja de, |d 1945- |9 20508 | ||
| 901 | |a Arxiu | ||
| 942 | |n 1 | ||
| 952 | |0 0 |1 0 |4 0 |6 FU3522 |7 1 |9 41566 |a Arxiu |b Arxiu |d 2016-12-01 |l 0 |o FU-35-22 |p 15182 |r 2016-12-01 00:00:00 |w 2016-12-01 |y ARXIU | ||
| 999 | |c 43456 |d 43456 | ||